မြန်မာ့အကျိုး နှင့်ကမ္ဘာ့အကျိုး / (Record no. 40957)

000 -LEADER
fixed length control field 00740nam a22001697a 4500
005 - DATE AND TIME OF LATEST TRANSACTION
control field 20241009141845.0
008 - FIXED-LENGTH DATA ELEMENTS--GENERAL INFORMATION
fixed length control field 241009b ||||| |||| 00| 0 eng d
040 ## - CATALOGING SOURCE
Transcribing agency SSBUL
082 ## - DEWEY DECIMAL CLASSIFICATION NUMBER
Edition number 23
Classification number 294.3368 ပ
Item number ၁၃၀၇၂ S-SAT
100 0# - MAIN ENTRY--PERSONAL NAME
Personal name ပဂျီငို၊ ဦး
245 1# - TITLE STATEMENT
Title မြန်မာ့အကျိုး နှင့်ကမ္ဘာ့အကျိုး /
Statement of responsibility, etc. ဦးပဂျီငို။
260 ## - PUBLICATION, DISTRIBUTION, ETC.
Place of publication, distribution, etc. ရန်ကုန် ၊
Name of publisher, distributor, etc. အသိုင်းဝိုင်းစာပေ၊
Date of publication, distribution, etc. ၁၉၉၇။
300 ## - PHYSICAL DESCRIPTION
Extent ၇၂ စာမျက်နှာ ၊
Dimensions ၁၈ စင်တီ။
500 ## - GENERAL NOTE
General note S-SAT: Dr. Sai Aung Tun
650 ## - SUBJECT ADDED ENTRY--TOPICAL TERM
Topical term or geographic name entry element ဗုဒ္ဓဘာသာ
General subdivision ဆောင်းပါး
942 ## - ADDED ENTRY ELEMENTS (KOHA)
Source of classification or shelving scheme
Koha item type Book (Short term)
Holdings
Withdrawn status Lost status Source of classification or shelving scheme Damaged status Not for loan Collection code Permanent Location Current Location Shelving location Date acquired Total Checkouts Full call number Barcode Date last seen Price effective from Koha item type Accession
          Special Collections Shan State Buddhist University Library Shan State Buddhist University Library Special Collection Shelves 09/10/2024   ၂၉၄.၃၃၆၈ ပ ၁၃၀၇၂ S-SAT MB00013072 09/10/2024 09/10/2024 Book (Short term) ၁၃၀၇၂ S-SAT

Library - 09407999929
Admin Office - 09407999979
Dean Office - 09250910768
Registrar Office - 09892297154
Email - [email protected]
Shan State Buddhist University, Phaya Phyu Taunggyi, Shan State, Myanmar.